000
00342nam a2200145Ia 4500
008
240624s9999 xx 000 0 und d
041
_a
eng
082
_a
658.4 WEB
100
_a
WEBER MAX
245
_a
ECONOMY AND SOCIETY
260
_c
1978
_a
London
_b
University of California Press
300
_a
1470 : p.
365
_c
_b
26
440
_v
2
999
_c
20932
_d
20932